| 000 | 00891cam a2200289 a 4500 | ||
|---|---|---|---|
| 001 | 2658 | ||
| 005 | 20240109085121.0 | ||
| 020 |
_a067988792X (pbk) : _c$3.99 |
||
| 020 | _a079808003506 | ||
| 040 |
_aPPLas _cPPLas _dDLC _beng |
||
| 050 | 0 | 0 |
_aPZ7.P2197 _bSk 1997 |
| 082 | 0 | 0 |
_a813.54 _221 |
| 100 | 1 | _aPark, Barbara | |
| 245 | 1 | 0 |
_aSkinnybones / _cBarbara Park |
| 246 | 3 | _aSkinny bones | |
| 260 |
_aNew York : _bAlfred A. Knope, _c1997 |
||
| 300 |
_a112 pages ; _c20 cm |
||
| 505 | _aK | ||
| 520 | _aAlex's active sense of humor helps him get along with the school braggart, make the most of his athletic talents, and simply get by in a hectic world. | ||
| 521 | 0 |
_a620 _bLexile |
|
| 521 | 1 |
_aK _bRaz-Plus |
|
| 650 | 1 |
_aBaseball _xFiction. |
|
| 650 | 1 |
_aSchools _xFiction. |
|
| 650 | 1 | _aHumorous stories. | |
| 906 |
_a7 _bcbc _ccopycat _d2 _eopcn _f19 _gy-gencatlg |
||
| 942 |
_2ddc _cBK _n0 |
||
| 999 |
_c2658 _d2658 |
||